| 000 | 01369nac a22003371i 4500 | ||
|---|---|---|---|
| 003 | EG-ScBUE | ||
| 005 | 20231218132748.0 | ||
| 008 | 121016s2006 ua f b 001 0 ara d | ||
| 017 | _a2005 / 1672 | ||
| 020 | _a9771803573 | ||
| 040 |
_aEG-ScBUE _bara _erda _cEG-ScBUE _dEG-ScBUE |
||
| 043 | _af-ua--- | ||
| 082 | 0 | 4 |
_a962.03 _bف هـ م _222 |
| 100 | 1 |
_aفهمي، خالد، _eمؤلف. _931122 |
|
| 245 | 1 | 2 |
_aالجسد والحداثة : _bالطب والقانون في مصر الحديثة / _cتأليف خالد فهمى ؛ ترجمة شريف يونس. |
| 250 | _aالطبعة الثانية. | ||
| 264 | 1 |
_aالقاهرة : _bدار الكتب والوثائق القومية، _c2006. |
|
| 300 |
_a258 صفحة ؛ _c24 سم. |
||
| 336 |
_2rdacontent _aنص _btxt |
||
| 337 |
_aبدون وسيط _2rdamedia _bn |
||
| 338 |
_aمجلد _bnc _2rdacarrier |
||
| 490 | 0 |
_aمصر النهضة ؛ _v58 |
|
| 504 | _aيشتمل على إرجاعات ببليوجرافية وكشافات. | ||
| 546 | _aالنص مترجم من لغة غير معروفة. | ||
| 650 | 7 |
_aالطب _xتاريخ _zمصر. _2BUEsh _931124 |
|
| 650 | 7 |
_aالقضاء _zمصر. _2BUEsh _931125 |
|
| 651 | 7 |
_aمصر _xتاريخ _yالعصر الحديث (1805 م- ). _2BUEsh |
|
| 655 | _vReading book | ||
| 700 | 1 |
_aيونس، شريف، _eمترجم. _931127 |
|
| 942 |
_cBB _2ddc |
||
| 999 |
_c8155 _d8155 |
||